| 000 -LEADER |
| fixed length control field |
00657nam a22001217a 4500 |
| 040 ## - CATALOGING SOURCE |
| Transcribing agency |
RUA |
| 082 ## - DEWEY DECIMAL CLASSIFICATION NUMBER |
| Classification number |
AVM VAN 2025 B705 Or.1 |
| 100 ## - MAIN ENTRY--AUTHOR NAME |
| Personal name |
VANG SOKUNTHEA, វ៉ាង សុគន្ធា |
| 245 ## - TITLE STATEMENT |
| Title |
Case of tick fever in canines at aveterinary clinic in boeung keng kang1 commune, boeung keng kang district, phnom penh. ករណីគ្រុនដង្កែលើសុនខនៅគ្លីនិកសត្វ ក្នុងសង្កាត់បឹងកេងកង១ ខណ្ឌបឹងកេងកង រាជធានីភ្នំពេញ |
| 260 ## - PUBLICATION, DISTRIBUTION, ETC. (IMPRINT) |
| Place of publication |
PHNOM PENH |
| Name of publisher |
RUA |
| Year of publication |
2025 |
| 300 ## - PHYSICAL DESCRIPTION |
| Number of Pages |
ix,35p. |
| Other physical details |
ill. |
| Dimensions |
29cm. |
| 942 ## - ADDED ENTRY ELEMENTS (KOHA) |
| Koha item type |
AVM |
| 952 ## - LOCATION AND ITEM INFORMATION (KOHA) |
| Withdrawn status [LOCAL, KOHA] |
0 |
| 952 ## - LOCATION AND ITEM INFORMATION (KOHA) |
| Withdrawn status [LOCAL, KOHA] |
0 |